• 首页
  • 本馆介绍
  • 公告通知
  • 最新文献
  • 馆藏检索
  • 电子资源
  • 读者导购
  • 参考咨询
  • 我的图书馆
  • 登录
  • 详细信息显示
  • 放入我的书架
  • 预约/预借图书
  • 作者相关作品
  • 分类相关作品
  • 丛书相关作品
  • 出版社相关作品

书目信息

  • 表格格式
  • 工作单格式
  • 卡片格式
题名:
鲁迅·增田涉师弟答问集
    
 
作者: 伊藤煏平 , 中岛利郎 编 ;杨国华 译
分册:  
出版信息: 上海   华东师范大学出版社  1989.7
页数: 152页
开本: 20cm
丛书名:
单 册:
中图分类: I210.97 , I210.7
科图分类:
主题词: 文学--作品集--中国
电子资源:
ISBN: 7-5617-0372-4
000 00974nam0 2200289 45
001 0189008790
005 20040414081625.0
010    @a7-5617-0372-4@dCNY3.60
020    @aCN@b89008790
100    @a19901121d1989 m y0chiy0120 ea
101 1  @achi@cjpn
102    @aCN@b310000
105    @ac z 000zy
106    @ar
200 10 @a鲁迅·增田涉师弟答问集@Alu xun · zeng tian she shi di da wen ji@f(日)伊藤煏平,(日)中岛利郎编@F( ri ) yi teng shu ping ,( ri ) zhong dao li lang bian@g杨国华译
210    @a上海@c华东师范大学出版社@d1989.7
215    @a152页@c照片@d20cm
540 1  @a鲁迅 增田涉师弟 答问集@Alu xun  zeng tian she shi di da wen ji
600  0 @a鲁迅@x著作研究
606 0  @a文学@x作品集@x中国
690    @aI210.97@v1980
690    @aI210.7
701  0 @a伊藤煏平@Ayi teng shu ping@4编
701  0 @a中岛利郎@Azhong dao li lang@4编
702  0 @a杨国华@Ayang guo hua@4译
801  0 @aCN@bNLC@c19901121
905    @f2@b255219-220@dI210.7@e164
    
    鲁迅·增田涉师弟答问集/(日)伊藤煏平,(日)中岛利郎编/杨国华译.-上海:华东师范大学出版社,1989.7
    152页:照片;20cm
    
    
    ISBN 7-5617-0372-4:CNY3.60
    
●
相关链接 在E读中查询图书 在五车中查询图书 在当当中查询图书 在豆瓣中查询图书


正题名:鲁迅·增田涉师弟答问集     索取号:I210.7/164         预约/预借

序号 登录号 条形码 馆藏地/架位号 状态 备注
1 0255219   001404402   第二借阅区/ [索取号:I210.7/164] 在馆    
2 0255220   001404411   第二借阅区/ [索取号:I210.7/164] 在馆    
3 0255221   001404420   第一样本阅览室/ [索取号:I210.7/164] 在馆    
唐山师范学院图书馆 欢迎您!
大连网信软件有限公司© 版权所有